[Event "Mumbai Mayors Cup 3rd"]
[Site "Mumbai"]
[Date "2010.06.08"]
[Round "9"]
[White "Lafuente, Pablo"]
[Black "Deepan Chakkravarthy, J."]
[Result "1/2-1/2"]
[WhiteElo "2587"]
[BlackElo "2488"]
[PlyCount "108"]
[EventDate "2010.06.02"]
[EventType "swiss"]
[EventRounds "11"]
[EventCountry "IND"]
[SourceTitle "CBM 136 Extra"]
[Source "ChessBase"]
[SourceDate "2010.07.02"]
[SourceVersion "2"]
[SourceVersionDate "2010.07.15"]
[SourceQuality "1"]

1. d4 Nf6 2. c4 g6 3. Nc3 d5 4. e3 Bg7 5. Nf3 0-0 6. Bd2 c5 7. dxc5 Na6 8. cxd5 Nxc5 9. Bc4 a6 10. a4 Bf5 11. 0-0 Rc8 12. Nd4 Bd3 13. Bxd3 Nxd3 14. Qb3 Nc5 15. Qa2 Nce4 16. Nxe4 Nxe4 17. Bb4 Bxd4 18. exd4 Nf6 19. d6 exd6 20. Qa3 Rc6 21. Rac1 a5 22. Bd2 Rxc1 23. Rxc1 Qb6 24. Re1 Rc8 25. Qh3 Rc2 26. Bc3 d5 27. Qc8+ Kg7 28. f3 Qxb2 29. Bxb2 Rxc8 30. Re7 b6 31. Ba3 Rc4 32. Bd6 Rxa4 33. Be5 Rc4 34. g4 g5 35. h4 h6 36. f4 Kg6 37. h5+ Kg7 38. fxg5 hxg5 39. Rd7 Rc6 40. Rxd5 Kf8 41. Bxf6 Rxf6 42. Rxg5 a4 43. Rb5 a3 44. Rb3 Rf4 45. Rxb6 Rxg4+ 46. Kf2 Rxd4 47. Ra6 Rd2+ 48. Ke3 Rh2 49. Kf4 a2 50. Kg5 Kg7 51. h6+ Kh7 52. Ra7 Rf2 53. Kh5 Rh2+ 54. Kg5 Rg2+ 1/2-1/2